Uchovávanie a archivovanie písomností, účtovnej dokumentácie a mzdovej agendy

Podnikatelia, resp. firmy v prevažnej miere nemajú zriadené odborné pracoviská zaoberajúce sa archiváciou a úschovou písomností. Za obdobie viacročného podnikania pribudlo množstvo dokladov a písomností, pričom nastáva problém ich prehľadného uloženia a archivácie. Príspevok podáva návod, ako sa s t...

Descrizione completa

Salvato in:
Dettagli Bibliografici
Autore principale: Gášpárová, Eva
Natura: Capitolo di libro
Lingua:slovacco
Soggetti:
Tags: Aggiungi Tag
Nessun Tag, puoi essere il primo ad aggiungerne!!

MARC

LEADER 00000naa$a2200000$$$4500
001 0033024
005 20231114083449.7
041 0 |a slo 
044 |a SK 
245 1 0 |a Uchovávanie a archivovanie písomností, účtovnej dokumentácie a mzdovej agendy  |c Eva Gášpárová 
520 |a Podnikatelia, resp. firmy v prevažnej miere nemajú zriadené odborné pracoviská zaoberajúce sa archiváciou a úschovou písomností. Za obdobie viacročného podnikania pribudlo množstvo dokladov a písomností, pričom nastáva problém ich prehľadného uloženia a archivácie. Príspevok podáva návod, ako sa s týmto problémom vysporiadať. Legislatívne zabezpečenie. Archívy, registratúry - ich povinnosti. Registratúrny poriadok a plán. Uchovávanie a ochrana mzdovej agendy. Preberanie archívnych dokumentov, vyraďovanie registratúrnych záznamov. 
610 2 0 |a firmy 
610 2 0 |a písomnosti účtovné 
610 2 0 |a dokumentácia účtovná 
610 2 0 |a agenda mzdová 
610 2 0 |a archívy 
610 2 0 |a archívy účtovné 
100 1 |a Gášpárová, Eva